Centenario de las apariciones de la Sma. Virgen a sor Catalina Labouré, hija de San Vicente de Paúl 1830-1930 : fiestas celebradas en la Casa de Caridad fiestas celebradas en la Casa de Caridad
Descripción Física:
101 p., [9] p. de làm. : il ; 22 cm
MARC
| LEADER | 00000nam a2200000Ia 4500 | ||
|---|---|---|---|
| 001 | 13922 | ||
| 008 | 160829s1931 xx 000 0 cat d | ||
| 080 | |a F-1-65 | ||
| 245 | |a Centenario de las apariciones de la Sma. Virgen a sor Catalina Labouré, hija de San Vicente de Paúl 1830-1930 : |b fiestas celebradas en la Casa de Caridad | ||
| 260 | |a Barcelona : |b Impr. de la Casa Provincial de Caridad, |c 1931 | ||
| 300 | |a 101 p., [9] p. de làm. : |b il ; |c 22 cm | ||
| 650 | |a Medalla Miraculosa, Mare de Déu de la |x Culte |9 31861 | ||
| 650 | |a Festivitats religioses |x Barcelona |9 31862 | ||
| 650 | |a Casa de Caritat (Barcelona) I | ||
| 650 | |a Catalina Labouré, Sor |9 31863 | ||
| 710 | |a Casa de Caritat (Barcelona, Catalunya) |9 52406 | ||
| 901 | |a Arxiu | ||
| 942 | |n 1 | ||
| 952 | |0 0 |1 0 |4 0 |6 F165 |7 1 |9 45782 |a Arxiu |b Arxiu |d 2016-12-01 |l 0 |o F-1-65 |p 13922 |r 2016-12-01 00:00:00 |w 2016-12-01 |y ARXIU | ||
| 999 | |c 49282 |d 49282 | ||